[Event "Your Next Move GCT 2018-Rapid"]
[Site "Leuven"]
[Date "2018.06.13"]
[Round "4"]
[White "So, Wesley"]
[Black "Giri, Anish"]
[Result "1-0"]
[WhiteElo "2763"]
[BlackElo "2779"]
[Annotator "TA"]
[PlyCount "113"]
[EventDate "2018.??.??"]
[EventType "tourn"]
[EventCountry "BEL"]
[SourceTitle "playchess.com"]
[Source "ChessBase"]
[SourceQuality "1"]

{[%evp 21,113,0,12,9,8,6,7,7,15,13,23,14,62,67,68,60,81,77,101,95,68,95,147,160,255,250,247,230,218,208,279,270,260,177,178,183,195,191,195,196,194,183,180,131,149,137,188,187,200,191,201,173,234,230,242,237,245,231,218,218,219,0,194,191,288,288,288,0,245,0,288,288,288,288,288,288,284,246,230,0,288,275,277,246,206,0,271,264,288,288,343,342,365,346]} 1. c4 Nf6 2. g3 e5 3. Bg2 d5 4. cxd5 Nxd5 5. Nc3 Nb6 6. Nf3 Nc6 7. d3 Be7 8. O-O O-O 9. Be3 Be6 10. Rc1 Nd5 {A29: English Opening: Four Knights Variation with 4 g3} (10... f5 11. a3 Kh8 12. b4 a6 13. Re1 Qe8 14. Qd2 Bd6 15. Bxb6 cxb6 16. d4 exd4 17. Nxd4 Rd8 18. Nxe6 Qxe6 19. Qa2 Qh6 {0-1 (38) Aronian,L (2809)-Harikrishna,P (2737) Geneva 2017}) 11. Nxd5 Bxd5 {LiveBook: 32 Games} 12. Qc2 Re8 {The position is equal.} 13. a3 a6 $146 ({Predecessor:} 13... Qd7 14. Nd2 Rad8 15. Bxd5 Qxd5 16. b4 a5 17. bxa5 Bxa3 18. Rb1 Bb4 19. Qc4 Bxa5 20. Rxb7 Nd4 21. Qxd5 Nxe2+ {½-½ (29) Shields,G (2355)-Castellano,L (2316) ICCF email 2013}) 14. Rfd1 Bf6 15. Nd2 {[%cal Bf3d2,Bd2e4,Be4c5,Bc5a6,Ba6c7,Bc7e6][%mdl 32]} Bxg2 16. Kxg2 Bg5 17. Bxg5 Qxg5 18. e3 Qe7 19. Ne4 Rac8 20. Nc5 Nd8 21. d4 {[%cal Bd3d4,Bd4d5,Bd5d6][%mdl 32]} e4 ({Better is} 21... exd4 22. Rxd4 (22. exd4 c6 $14) 22... b6) 22. d5 $16 f5 {[#]} (22... h6 $16 {was necessary.} 23. Qb3 Kh7) 23. Nxa6 $1 $18 {[%mdl 512]} Nf7 (23... bxa6 24. d6) 24. d6 Nxd6 25. Nxc7 {aiming for Qb3+.} Red8 26. Qb3+ Qf7 27. Ne6 Rxc1 28. Rxc1 Re8 29. Nd4 Qxb3 30. Nxb3 {[%mdl 4096] Endgame KRN-KRN} Kf7 31. Nd4 g6 32. Rc3 Kf6 33. Rb3 Re7 (33... Rc8 $16 34. Rb6 Ke7) 34. a4 {[%cal Ba3a4,Ba4a5][%mdl 32]} Ke5 35. a5 Kd5 36. Rb6 Rf7 (36... Nc4 $142) 37. b3 g5 38. a6 bxa6 39. Rxa6 {[#] Strongly threatening Ra5+.} Nb7 40. Rb6 Nd6 41. Ra6 {Black must now prevent Ra5+.} Nb7 $1 42. Rh6 Nd6 (42... f4 $142 43. gxf4 gxf4 44. Rh5+ Kd6) 43. Rh5 Rg7 44. Rh6 Rf7 $1 45. Rh5 Rg7 46. h4 gxh4 47. Rxh4 Ke5 48. Rh6 Rf7 49. Rh5 Kf6 50. Rh6+ Ke5 51. Kh3 Rb7 52. Rh5 Kf6 53. Rh6+ Ke5 54. Kh4 Nb5 55. Ne2 Re7 56. g4 Nd6 57. Nd4 {Precision: White = 79%, Black = 47%.} 1-0

[Event "Your Next Move GCT 2018-Rapid"]
[Site "Leuven"]
[Date "2018.06.13"]
[Round "4"]
[White "Caruana, Fabiano"]
[Black "Nakamura, Hikaru"]
[Result "1-0"]
[WhiteElo "2753"]
[BlackElo "2813"]
[Annotator "TA"]
[PlyCount "115"]
[EventDate "2018.??.??"]
[EventType "tourn"]
[EventCountry "BEL"]
[SourceTitle "playchess.com"]
[Source "ChessBase"]
[SourceQuality "1"]

{[%evp 18,115,15,12,25,0,0,0,0,0,7,7,26,19,29,22,30,41,36,39,49,41,50,67,36,43,97,85,77,0,2,23,14,13,67,69,65,54,116,110,118,108,102,107,144,99,83,103,128,128,135,63,95,95,95,96,69,76,148,155,139,151,149,109,389,372,433,113,325,0,436,429,445,414,423,430,549,548,706,695,652,634,1128,1071,971,349,924,919,1329,1345,2920,2655,29985,29977,29969,29968,5406,2761,29969,1045]} 1. e4 e5 2. Nf3 Nc6 3. Bb5 Nf6 4. d3 Bc5 5. c3 O-O 6. O-O {C65: Ruy Lopez: Berlin Defence (3...Nf6), unusual lines and 4 0-0 Bc5} Re8 (6... d6 7. h3 Bb6 8. Nbd2 Ne7 9. Re1 c6 10. Ba4 Ng6 11. Nf1 d5 12. Ng3 dxe4 13. Nxe4 Nxe4 14. dxe4 Be6 15. Bb3 {½-½ (29) Anand,V (2760)-Carlsen,M (2843) Stavanger 2018}) 7. Nbd2 a6 8. Bxc6 dxc6 9. Nc4 Nd7 (9... Bd6 10. Bg5 b5 11. Ne3 Qe7 12. Nh4 Qe6 13. Nhf5 Bf8 {½-½ (53) Caruana,F (2804)-Nakamura,H (2787) Saint Louis 2018}) 10. b4 {LiveBook: 6 Games} Bf8 11. a4 $146 ({Predecessor:} 11. Bg5 f6 12. Be3 Nb8 13. Qc2 Be6 {½-½ (56) Shomoev,A (2565)-Goganov,A (2562) Ekaterinburg 2013}) 11... b5 12. Na5 Qf6 13. Be3 Nb6 14. axb5 cxb5 15. Qc2 Bg4 16. Nd2 Qg6 17. f3 $36 {[%mdl 2048] White is more active.} Bh3 {[%csl Gh3][%cal Rg6g2]} 18. Ndb3 Na4 19. Nc5 Bxc5 20. bxc5 Rad8 {Threatens to win with ...Rxd3!} 21. Rf2 Bc8 (21... f5 $14) 22. Rd2 f5 {[%cal Bf7f5,Bf5f4][%mdl 32]} 23. Re1 (23. Qb3+ $16 Kh8 24. Qc2) 23... f4 $1 $11 {[%cal Rf4e3]} 24. Bf2 Bh3 $1 {[%csl Gh3][%cal Rg6g2]} 25. Bh4 Rd7 (25... Rc8 $11) 26. Kh1 Nxc5 27. d4 ({Not} 27. gxh3 Qh5 $17) 27... Qh5 (27... Na4 $14) 28. Bf2 $16 {[%mdl 1024] White has strong compensation.} Na4 29. Bg1 Rd6 30. d5 Rg6 31. Qd3 Bd7 32. c4 h6 33. Rc1 Kh7 {[#]} 34. Qa3 ({Better is} 34. cxb5 $1 $16 Bxb5 35. Qa3) 34... c5 35. Bxc5 bxc4 36. Nxc4 Nxc5 37. Qxc5 {Black must now prevent Qc7.} Bh3 (37... Rc8 $142 38. Qe7 Bb5) 38. Qa3 Bd7 39. d6 Qg5 40. Qxa6 {aiming for Qb7.} h5 $2 {[%mdl 8192]} (40... Rc8 $16 {was worth a try.}) 41. Qb7 Rd8 42. Qd5 $2 (42. Qc7 $18 {and the rest is easy.} Be8 43. Rg1) 42... Re8 $2 (42... Rc8 $16 43. Qb7 Be6) 43. Qb7 Rd8 44. Qc7 Be8 45. Qc5 Re6 46. Rd5 Rg6 {[%csl Gg6][%cal Rg5g2]} 47. Rg1 Re6 48. Nxe5 Qf6 49. d7 Bf7 50. Nxf7 Qxf7 51. Rxh5+ $2 (51. Qc7 Qe7 52. Rxh5+ Kg8 53. Rd1) 51... Kg8 $2 (51... Rh6 52. Rf5 Qxd7 53. Rxf4 Rc8 54. Qf5+ Qxf5 55. Rxf5 Rc2) 52. Rd5 $18 Rh6 53. Rgd1 Ra6 54. h3 Ra2 55. Qc7 Raa8 56. Kh2 Kh7 57. R1d2 g6 58. Re5 {Precision: White = 57%, Black = 36%.} (58. Ra2 $142 Rab8 59. Ra6 Kh8 {[#]} 60. Rb5 $1 {[%mdl 512]} Qxd7 61. Qxd7 Rxd7 62. Rxb8+ Kh7 63. h4) 1-0

[Event "Your Next Move GCT 2018-Rapid"]
[Site "Leuven"]
[Date "2018.06.13"]
[Round "4"]
[White "Karjakin, Sergey"]
[Black "Anand, Viswanathan"]
[Result "1/2-1/2"]
[WhiteElo "2743"]
[BlackElo "2822"]
[Annotator "TA"]
[PlyCount "99"]
[EventDate "2018.??.??"]
[EventType "tourn"]
[EventCountry "BEL"]
[SourceTitle "playchess.com"]
[Source "ChessBase"]
[SourceQuality "1"]

{[%evp 16,99,16,8,27,21,27,17,4,0,7,-11,-6,-22,-8,-14,-16,-25,0,0,14,12,26,15,14,11,18,14,57,25,47,18,20,7,13,12,16,16,17,0,0,0,0,0,0,0,0,0,0,0,0,0,0,0,0,0,0,0,8,8,10,10,10,0,0,0,0,0,0,0,0,0,0,0,7,0,0,0,0,0,0,0,0,0,0,0]} 1. e4 e5 2. Nf3 Nc6 3. Bc4 Bc5 4. d3 Nf6 5. Nc3 h6 6. h3 d6 7. Na4 Bb6 {C50: Italienische Partie} 8. a3 O-O 9. O-O {LiveBook: 3 Partien} Qe8 $146 ({Vorgänger:} 9... Be6 10. Re1 Bxc4 11. dxc4 Nd4 12. Nh4 Nd7 13. g3 Qf6 14. Nxb6 Nxb6 {1-0 (55) Artemiev,V (2691)-Mamedyarov,S (2799) Huaian 2017}) 10. Re1 Be6 11. Bxe6 Qxe6 12. b4 Nd7 13. Bb2 f5 14. Nxb6 Nxb6 15. c4 fxe4 16. Rxe4 Qf7 17. Qc2 Nd7 18. d4 {[%cal Rd4e5]} exd4 19. Nxd4 Nxd4 20. Bxd4 Rae8 21. Rae1 ({Natürlich nicht} 21. Bxa7 b6 $17) 21... Rxe4 22. Rxe4 c5 23. Bb2 Re8 {Die Stellung ist ausgeglichen.} 24. bxc5 Rxe4 25. Qxe4 Nxc5 26. Qd4 Qe7 27. f4 b6 28. Qd5+ Kh7 29. Kf2 Qh4+ 30. Kf3 Qe1 31. Qd4 {[%csl Gb2][%cal Rd4g7] [#]} Qf1+ 32. Kg3 {[%csl Gb2][%cal Rd4g7]} Qe1+ 33. Kf3 {[%csl Gb2][%cal Rd4g7]} Qf1+ 34. Kg3 {[%csl Gb2][%cal Rd4g7]} Qe1+ 35. Kh2 {[%csl Gb2][%cal Rd4g7] [#]} Qe7 36. Qd5 Qe3 37. Qf5+ Kg8 38. Qc8+ Kh7 $1 39. Qg4 {[%csl Gb2][%cal Rg4g7]} Qe7 $1 40. f5 Qf7 41. Qd4 Qe7 42. Qg4 Nd7 43. Bc3 Kg8 44. Qd4 Ne5 45. Qd5+ Kh7 46. Qe4 {Beabsichtigt f6+ und Matt.} Kg8 47. Qd5+ Kh7 48. Qe4 {Weiss droht f6+ und Matt.} Kg8 49. Qa8+ Kh7 50. Qe4 {Precision: Weiß = 72%, Schwarz = 67%.} 1/2-1/2

[Event "Your Next Move GCT 2018-Rapid"]
[Site "Leuven"]
[Date "2018.06.13"]
[Round "5"]
[White "Anand, Viswanathan"]
[Black "Caruana, Fabiano"]
[Result "1-0"]
[WhiteElo "2822"]
[BlackElo "2753"]
[Annotator "TA"]
[PlyCount "113"]
[EventDate "2018.??.??"]
[EventType "tourn"]
[EventCountry "BEL"]
[SourceTitle "playchess.com"]
[Source "ChessBase"]
[SourceQuality "1"]

{[%evp 17,113,18,51,12,24,16,21,20,16,0,7,0,0,0,0,-14,0,-8,-1,-3,-8,-16,-9,-24,4,6,4,0,11,7,7,9,17,4,4,8,21,11,43,30,90,54,108,89,129,125,128,128,125,124,125,122,328,311,364,353,300,87,99,52,54,39,152,152,236,216,335,339,320,320,404,315,620,631,931,828,765,770,1485,1161,1985,1777,6506,2645,12844,12843,12844,12844,12846,12847,12847,12847,12847,12847,12847,12847,12847,12847]} 1. e4 c5 2. Nf3 e6 3. d4 cxd4 4. Nxd4 a6 5. Bd3 Bc5 6. Nb3 Ba7 7. Qe2 Nc6 8. Be3 Nge7 9. N1d2 {B42: Sicilian: Kan Variation: 5 Bd3} O-O {LiveBook: 4 Games} 10. O-O Ne5 $146 ({Predecessor:} 10... d6 11. f4 b5 12. Rf3 Bb7 13. Raf1 Nb4 14. Rh3 Nxd3 15. cxd3 Bxe3+ 16. Qxe3 Rc8 {1-0 (36) Azarov,S (2566)-Ginsburg,G (2506) playchess.com INT 2006}) 11. Bxa7 {White has an edge.} (11. Rfd1 {is interesting.} Bxe3 12. Qxe3 Qc7 13. Rac1 d5 14. Re1) 11... Rxa7 12. f4 Nxd3 13. cxd3 a5 14. Qf2 Ra6 15. Nd4 d6 16. Rac1 Bd7 17. Nc4 {[%cal Bd2c4,Bc4e3,Be3c2,Bc2d4][%mdl 32]} b5 18. Ne3 Qb6 19. Nf3 Raa8 20. Nc2 Qxf2+ 21. Kxf2 Rfc8 22. Ncd4 b4 23. Ke3 f6 24. Ne2 e5 25. Rxc8+ Rxc8 26. Rc1 Be6 27. Rxc8+ Nxc8 $11 {[%mdl 4096] Endgame KBN-KNN} 28. b3 Nb6 (28... Bg4 $11) 29. d4 {[%cal Rf4e5]} exf4+ (29... Bg4 $14) 30. Nxf4 $16 ({But not} 30. Kxf4 $6 d5 $11) 30... Bd7 {[#]} 31. d5 $1 f5 32. Nd4 fxe4 33. Kxe4 Kf7 34. Nc6 Kf6 $2 (34... a4 $16 {is a better defense.}) 35. Nxa5 $18 Bf5+ 36. Kd4 Bb1 {[#]} 37. Ne2 $2 (37. Nh5+ $1 $18 {and the rest is easy.} Kg5 38. Nxg7) 37... Bxa2 $16 38. Nc1 Bb1 39. Nc6 h5 (39... Na8 $1 $14) 40. Nxb4 g5 (40... Ke7 $16 41. Ne2 Bf5) 41. Ne2 $18 Nd7 (41... g4 {was necessary.} 42. Nc3 Bf5) 42. Nc3 Bf5 43. Nc6 g4 44. b4 h4 $2 (44... Nb6 45. Nb5 Nc8) 45. Nb5 {White is clearly winning.} Ne5 46. Nxe5 dxe5+ {KB-KN} 47. Kc5 Bd3 48. Nc3 g3 49. hxg3 hxg3 50. d6 Bf1 51. Kc6 Bxg2+ 52. Kc7 Bh3 53. Ne4+ Kf5 54. Nxg3+ Kf4 55. Ne2+ Ke3 56. Ng1 Bg4 57. b5 {Precision: White = 60%, Black = 31%.} 1-0

[Event "Your Next Move GCT 2018-Rapid"]
[Site "Leuven"]
[Date "2018.06.13"]
[Round "5"]
[White "Nakamura, Hikaru"]
[Black "Vachier-Lagrave, Maxime"]
[Result "1/2-1/2"]
[WhiteElo "2813"]
[BlackElo "2777"]
[Annotator "TA"]
[PlyCount "68"]
[EventDate "2018.??.??"]
[EventType "tourn"]
[EventCountry "BEL"]
[SourceTitle "playchess.com"]
[Source "ChessBase"]
[SourceQuality "1"]

{[%evp 18,68,21,6,17,12,44,14,70,70,66,60,200,94,83,72,60,66,58,-6,38,28,45,13,41,31,81,44,53,27,41,0,0,0,0,0,0,0,0,0,0,0,0,-22,-27,-36,-8,-8,-9,-5,0,-17,0]} 1. e4 c5 2. Nf3 d6 3. Nc3 Nf6 4. h3 e5 5. Bc4 Be7 6. d3 Nc6 7. O-O O-O 8. a3 Be6 {B30: Sicilian: 2...Nc6 3 Bb5, lines without ...g6} (8... a6 9. Ba2 b5 10. Nd5 Rb8 11. c3 Nxd5 12. exd5 Na5 13. b4 Nb7 14. Be3 Bf6 15. Nd2 Bf5 16. Qe2 {½-½ (16) Movsesian,S (2670)-Lenic,L (2659) Velky Cetin 2018}) 9. Nd5 Bxd5 10. exd5 {LiveBook: 5 Games} Nd4 11. Nh2 Qd7 $146 ({Predecessor:} 11... a6 12. Ba2 Nb5 13. f4 Nd7 14. Ng4 exf4 15. Bxf4 f5 16. Nh2 {1-0 (52) Sadykov,R (2400)-Li,Q (2320) Goa 2002}) 12. f4 e4 ({Black should play} 12... b5 $11 13. Ba2 exf4) 13. c3 {dxe4 is the strong threat.} Nf5 14. g4 Nh4 {[#]} (14... Ng3 $14) 15. Qe1 (15. dxe4 $1 $18 {has better winning chances.} b5 16. Bd3) 15... b5 $16 16. Ba2 (16. Bb3 {keeps more tension.} c4 17. Qxh4 Nxd5 18. g5 cxb3 19. dxe4 Nb6 20. f5) 16... exd3 17. Qxh4 c4 18. Qg3 (18. g5 $14 Nxd5 19. f5) 18... Nxd5 19. Qg2 Nc7 20. Be3 Rfe8 21. g5 Qf5 (21... Bxg5 $6 22. Bd4 $18) 22. Ng4 Bf8 {[%cal Be7f8,Bf8d6,Bd6f4][%mdl 32]} 23. Rae1 d5 24. Bd4 Rxe1 25. Rxe1 Bd6 $1 26. Ne3 Re8 27. Nxf5 Rxe1+ 28. Qf1 $1 {[%cal Rf1e1]} (28. Kh2 $2 Bxf4+ 29. Ng3 d2 $19) 28... d2 29. Ne3 {Black must now prevent f5.} Ne6 30. Kf2 {[#] Threatens to win with Qxe1.} Bxf4 ({Of course not} 30... Nxd4 $6 31. cxd4 Rxf1+ 32. Kxf1 $14) 31. Nd1 Bg3+ {[%mdl 1024] Black has compensation.} ({Don't play} 31... Rxf1+ 32. Kxf1 Nxg5 33. h4 $11) 32. Kg1 $1 {The position is equal.} Bh2+ 33. Kf2 $1 Bg3+ 34. Kg1 $1 Bh2+ {Precision: White = 56%, Black = 51%.} ({Much weaker is} 34... Rxf1+ 35. Kxf1 a6 36. Ke2 $14) 1/2-1/2

[Event "Your Next Move GCT 2018-Rapid"]
[Site "Leuven"]
[Date "2018.06.13"]
[Round "5"]
[White "Grischuk, Alexander"]
[Black "So, Wesley"]
[Result "0-1"]
[WhiteElo "2783"]
[BlackElo "2763"]
[Annotator "TA"]
[PlyCount "126"]
[EventDate "2018.??.??"]
[EventType "tourn"]
[EventCountry "BEL"]
[SourceTitle "playchess.com"]
[Source "ChessBase"]
[SourceQuality "1"]

{[%evp 21,126,0,0,0,0,0,11,0,0,1,10,-18,-18,-20,-20,-12,-12,-13,-13,-25,-29,-36,-36,-34,-32,-29,-31,-36,-37,-36,0,0,0,0,0,0,0,0,0,0,0,-162,0,0,0,0,0,-564,-651,-512,-492,-778,-783,-784,-770,-718,-789,-784,-789,-789,-788,-789,-788,-778,-786,-764,-776,-781,-779,-779,-787,-785,-776,-795,-785,-779,-762,-777,-727,-714,-762,-768,-745,-649,-600,-586,-531,-762,-741,-736,-734,-718,-560,-678,-678,-600,-594,-560,-544,-1243,-1246,-1187,-1200,-937,-767,-29985,-29986]} 1. e4 e5 2. Nf3 Nc6 3. Bb5 Nf6 4. d3 {[%cal Bd2d3,Bd3d4][%mdl 32]} Bc5 5. c3 O-O 6. O-O d6 7. h3 Ne7 {C65: Spanische Partie (Berliner-Verteidigung)} (7... Bb6 8. Nbd2 Ne7 9. Re1 c6 10. Ba4 Ng6 11. Nf1 d5 12. Ng3 dxe4 13. Nxe4 Nxe4 14. dxe4 Be6 15. Bb3 {½-½ (29) Anand,V (2760)-Carlsen,M (2843) Stavanger 2018}) 8. d4 Bb6 9. Re1 d5 10. Nxe5 Nxe4 11. Nd2 {[%cal Bb1d2,Bd2b3,Bb3c5][%mdl 32]} Nd6 {LiveBook: 14 Partien} 12. Bd3 f6 13. Nef3 Bf5 14. Nb3 Bxd3 $146 ({Vorgänger:} 14... Ng6 15. Nc5 Qc8 16. Bxf5 Nxf5 17. Bd2 c6 18. Qc2 Nd6 19. b3 Re8 20. a4 Qc7 21. c4 {½-½ (21) Janisch,M (2415)-Balshaw,A (2433) ICCF email 2017}) 15. Qxd3 Ng6 16. Nc5 {Schwarz sollte Se6 verhindern.} Re8 17. Bd2 c6 18. b3 Qc7 19. Rxe8+ Rxe8 20. Re1 Rxe1+ 21. Nxe1 Bxc5 22. dxc5 Ne4 23. b4 $1 Ne5 24. Qc2 Nc4 25. Nf3 Ncxd2 (25... a5 {keeps more tension.} 26. Be1 Qf4 27. Qd1 Kf7 28. Nd4 g6) 26. Nxd2 Qe5 (26... Nxd2 {with more complications.} 27. Qxd2 Kf7 28. a4 a5 29. c4 dxc4 30. Qd4 Qe5) 27. Nxe4 Qxe4 $11 {[%mdl 4096] Endspiel KD-KD} 28. Qd1 Qc4 29. Qg4 Qxg4 30. hxg4 {KB-KB} Kf7 31. Kf1 $2 {[#]} (31. f3 $11) 31... f5 $1 {[%mdl 512]} 32. gxf5 h5 33. Ke2 Kf6 34. Ke3 $2 {[%mdl 8192]} (34. f4 $1 $11) 34... Kxf5 $19 35. Kf3 g6 {[%cal Bg7g6,Bg6g5][%mdl 32]} 36. a4 (36. Ke3 $142 g5 37. f3) 36... a6 37. g3 g5 38. g4+ hxg4+ 39. Kg3 Ke4 {Droht ...Kd3 und aus.} 40. Kxg4 Kd3 41. Kxg5 Kxc3 42. f4 d4 {...d3 ist eine echte Drohung.} 43. f5 d3 {zielt auf ...d2 ab.} 44. f6 d2 45. f7 d1=Q 46. f8=Q {KD-KD} Qg1+ 47. Kh6 Qh2+ 48. Kg6 Qg3+ 49. Kh6 Qh4+ 50. Kg6 Qg4+ 51. Kh6 Qe6+ 52. Kg7 Qe5+ 53. Kg6 Kxb4 54. Qf7 Qg3+ 55. Kh6 Qe3+ 56. Kg7 Qc3+ 57. Kh7 Qc2+ 58. Kh6 Qc1+ 59. Kg7 Qb2+ 60. Kf8 Qh8+ 61. Ke7 Qe5+ 62. Kf8 Qxc5+ 63. Kg8 Qd5 {Precision: Weiß = 51%, Schwarz = 87%.} 0-1

[Event "Your Next Move GCT 2018-Rapid"]
[Site "Leuven"]
[Date "2018.06.13"]
[Round "5"]
[White "Giri, Anish"]
[Black "Aronian, Levon"]
[Result "0-1"]
[WhiteElo "2779"]
[BlackElo "2795"]
[Annotator "TA"]
[PlyCount "92"]
[EventDate "2018.??.??"]
[EventType "tourn"]
[EventCountry "BEL"]
[SourceTitle "playchess.com"]
[Source "ChessBase"]
[SourceQuality "1"]

{[%evp 22,92,18,10,19,11,8,19,19,-17,-2,-9,-8,-12,0,0,0,-7,-9,-13,-17,-15,-12,-21,0,0,0,-14,0,0,0,0,0,0,0,-203,-203,-270,-268,-255,-246,-243,-242,-242,-242,-283,-241,-259,-290,-317,-304,-474,-465,-445,-412,-489,-485,-494,-481,-522,-390,-884,-882,-2084,-2075,-29978,-29979,-29969,-29973,-29969,-29973,-29979,-29979]} 1. e4 e5 2. Nf3 Nc6 3. Bb5 Nf6 4. O-O Nxe4 5. Re1 Nd6 {[%cal Be4d6,Bd6e8,Be8f6,Bf6g4,Bg4e3][%mdl 32]} 6. Nxe5 Be7 7. Bf1 Nxe5 8. Rxe5 O-O 9. d4 Ne8 {C67: Spanische Partie (Berliner Verteidigung)} 10. d5 Bc5 11. Re1 d6 12. Nc3 {LiveBook: 5 Partien} f5 $146 ({Vorgänger:} 12... Bf5 13. Bd3 Qh4 14. g3 Qh3 15. Ne4 Bxe4 16. Rxe4 Bxf2+ 17. Kxf2 Qxh2+ {1-0 (58) Karjakin,S (2783)-Eljanov,P (2751) Shamkir 2017}) 13. Be3 Bxe3 14. Rxe3 Nf6 15. Qd4 Ng4 16. Ree1 f4 17. f3 Ne3 18. Rac1 Bf5 19. Qxf4 Nxf1 20. Qd4 {[#]} Nxh2 $1 {[%mdl 512]} 21. Kxh2 Qg5 22. Ne4 Bxe4 23. Qxe4 Rf6 24. Re3 Raf8 {Und weiter mit ...Th6+ wäre nett.} 25. Rce1 Rg6 $40 {[%csl Gg6][%cal Rg5g2][%mdl 128] Schwarz hat einigen Angriff.} 26. R1e2 h5 27. Qe7 Qg3+ 28. Kh1 $2 {[#]} (28. Kg1 $11 {und Weiss muss sich keine Sorgen machen.}) 28... Rf4 $1 $19 {[%cal Rf4d4]} 29. Qe8+ Kh7 30. Re4 {[#]} Rxf3 $1 {[%cal Rf3f1][%mdl 512]} 31. Qxg6+ (31. gxf3 Qg1#) 31... Kxg6 {[%cal Rf3f1]} 32. gxf3 Qxf3+ {[%mdl 4096] Endspiel KD-KTT} 33. Kh2 Kh6 34. c4 g6 {[%cal Bg7g6,Bg6g5,Bg5g4,Bg4g3][%mdl 32]} 35. b3 a5 36. Re6 (36. Kg1 $142) 36... h4 37. Rg2 Qf5 38. Re8 Qf4+ 39. Kh3 g5 40. Rg8 Qe5 41. Kg4 $2 {[#]} (41. Rg4 Qe3+ 42. Kh2) 41... b5 $1 {[%mdl 512]} 42. Rf8 (42. cxb5 Qxd5) 42... bxc4 43. bxc4 Qe4+ {Schwarz setzt Matt.} 44. Kh3 {[#]} g4+ $1 {[%mdl 512]} 45. Kh2 (45. Rxg4 Qh1#) 45... Qe5+ 46. Kg1 g3 {Precision: Weiß = 57%, Schwarz = 82%.} 0-1